Know your state Assam/ (Record no. 12011)

MARC details
000 -LEADER
fixed length control field 00560nam a22002057a 4500
005 - DATE AND TIME OF LATEST TRANSACTION
control field 20240928084036.0
008 - FIXED-LENGTH DATA ELEMENTS--GENERAL INFORMATION
fixed length control field 240928b |||||||| |||| 00| 0 eng d
020 ## - INTERNATIONAL STANDARD BOOK NUMBER
International Standard Book Number 9789327193510
040 ## - CATALOGING SOURCE
Original cataloging agency IN-DiNC
Transcribing agency IN-DiNC
041 ## - LANGUAGE CODE
Language code of sung or spoken text English
082 ## - DEWEY DECIMAL CLASSIFICATION NUMBER
Classification number 030
Item number MAH
100 ## - MAIN ENTRY--PERSONAL NAME
Personal name Mahanta, Atul
Relator term Author
245 ## - TITLE STATEMENT
Title Know your state Assam/
Statement of responsibility, etc. by Atul Mahanta and Rohan Bora
260 ## - PUBLICATION, DISTRIBUTION, ETC.
Place of publication, distribution, etc. Meerut:
Name of publisher, distributor, etc. Arihant,
Date of publication, distribution, etc. n.a.
300 ## - PHYSICAL DESCRIPTION
Extent 384p.
650 ## - SUBJECT ADDED ENTRY--TOPICAL TERM
Topical term or geographic name entry element General knowledge on Assam
650 ## - SUBJECT ADDED ENTRY--TOPICAL TERM
Topical term or geographic name entry element Current affairs on Assam
700 ## - ADDED ENTRY--PERSONAL NAME
Personal name Bora, Rohan
Relator term Author
942 ## - ADDED ENTRY ELEMENTS (KOHA)
Source of classification or shelving scheme Dewey Decimal Classification
Koha item type Books
Holdings
Withdrawn status Lost status Source of classification or shelving scheme Damaged status Not for loan Collection code Home library Current library Shelving location Date acquired Cost, normal purchase price Total Checkouts Full call number Barcode Date last seen Date last checked out Copy number Price effective from Koha item type
    Dewey Decimal Classification     General Collection Central Library, Naharkatiya College Central Library, Naharkatiya College General Stacks 28/09/2024 325.00 1 030 MAH 30380 01/02/2025 27/01/2025 1 28/09/2024 Books

Naharkatiya College © 2020. All rights reserved.

Powered By